Violencia en el hogar y agresiones sexuales: ¿Qué hago? ¿A quién llamo? /
Es una guía referente a los temas de la violencia contra las mujeres, violencia doméstica, maltrato, y agresión sexual desde el ámbito del hogar. Ofrece consejos de qué hacer en caso de sufrir este problema y a quién acudir. Incluye un cuestionario para evaluar si una mujer se encuentra en situación...
Guardat en:
| Autor corporatiu: | |
|---|---|
| Format: | Text |
| Idioma: | Spanish |
| Publicat: |
México
UNIFEM Oficina Regional de México, Centroamérica y República Dominicana
2004
|
| Matèries: | |
| Etiquetes: |
Afegir etiqueta
Sense etiquetes, Sigues el primer a etiquetar aquest registre!
|
MARC
| LEADER | 00000 a a2200000 04500 | ||
|---|---|---|---|
| 001 | 39497 | ||
| 003 | cru CIDCACS/IIS | ||
| 005 | 20230707102810.0 | ||
| 008 | 220525b2004 mx ||||| |||| 00| 0 spa d | ||
| 020 | |a [sin ISBN] | ||
| 022 | |a [sin ISBN] | ||
| 040 | |c cru IIS | ||
| 090 | |a 02.04.02 F673v | ||
| 110 | |a Fondo de desarrollo de las Naciones Unidas para la mujer | ||
| 245 | |a Violencia en el hogar y agresiones sexuales: |b ¿Qué hago? ¿A quién llamo? / |c Fondo de desarrollo de las Naciones Unidas para la mujer | ||
| 260 | |a México |b UNIFEM Oficina Regional de México, Centroamérica y República Dominicana |c 2004 | ||
| 300 | |a 29 páginas | ||
| 520 | |a Es una guía referente a los temas de la violencia contra las mujeres, violencia doméstica, maltrato, y agresión sexual desde el ámbito del hogar. Ofrece consejos de qué hacer en caso de sufrir este problema y a quién acudir. Incluye un cuestionario para evaluar si una mujer se encuentra en situación de riesgo, y un directorio de instituciones que luchan contra ésta problemática en diferentes países. | ||
| 590 | |a MBA/JULIO2014 | ||
| 650 | |a VIOLENCIA CONTRA LAS MUJERES | ||
| 650 | |a VIOLENCIA INTRAFAMILIAR | ||
| 650 | |a ABUSO SEXUAL | ||
| 650 | |a AGRESION | ||
| 650 | |a EXPLOTACION SEXUAL COMERCIAL | ||
| 650 | |a INSTITUCIONES DE AYUDA | ||
| 650 | |a AMERICA LATINA | ||
| 942 | |2 z |c LI |h 02.04.02 F673v |i 16594 |6 020402_F673V_16594 | ||
| 999 | |c 14628 |d 14628 | ||
